000 01542nam0a2200325 4500
001 RU\NLR\BIBL_A\011798187
005 20260607064205.0
010 _a978-5-389-14599-3
_95000
021 _aRU
_bКН-П-18-062521
_9КН-П-18-4498
021 _aRU
_bКН-П-20-015455
_9КН-П-20-5342
035 _a(NLR Aleph) 011798187
035 _a(RuMoRGB)009723913
090 _a11857802
_c11857802
100 _a20180924d2018 c y0rusy50 ca
101 1 _arus
_ceng
102 _aRU
105 _aa z 000ay
200 1 _aВетер в ивах
_eпо книге Кеннета Грэма
_e[адаптировано для самостоятельного чтения
_eдля младшего школьного возраста]
_fадаптированный текст Джульет Стенли
_gперевод с английского Светланы Чулковой
_gиллюстрации Роберта Ингпена
210 _aМосква
_cМахаон
_cАзбука-Аттикус
_d2018
215 _a101, [2] с.
_cцв. ил.
_d25
333 _a0+
686 0 _aШ9(4Вл)60-4
700 1 _8rus
_7ca
_aГрэм
_bК.
_f1859-1932
_gКеннет
_3RU\NLR\AUTH\7723575
_96628
702 1 _4010
_7ca
_8rus
_aСтэнли
_bД.
_gДжульет
_9263379
_3RU\NLR\AUTH\770263435
702 1 _4040
_7ca
_8rus
_aИнгпен
_bР.
_f1936-
_gРоберт
_9150536
_3RU\NLR\AUTH\770150573
942 _cBOOK
980 _aNB